000 00601nam a22001937a 4500
999 _c173257
_d173257
005 20200221103132.0
010 _aA-678401
020 _c200.00
035 _aA-678401
037 _bBPPD/Pub.
082 _a700
100 _aشکیل الرحمان
245 _aہندوستانی جمالیات /
_cشکیل الرحمان
246 _aHindustani Jamaliyat (urdu) /
_bby Shakilur Rehman
260 _aNew Delhi
_bModern Publishing House
_c1994 ء
270 _a9, Gola Market, Daryaganj
_bNew Delhi
_e110002
300 _a276p.
_c22cm(Hb)
942 _2ddc
_cUR
_h700
_mش ک ی